000 00362nam a2200145Ia 4500
008 191201s2004 xx 000 0 und d
082 _a621.381958
_bTOD
100 _aTOKHEIM, Roger L
245 0 _aDigital Electronics Principles and Applications
250 _a6th
260 _aN.Delhi
_bTMH
_c2004
300 _a548
650 _aB.Tech(ECE)
942 _2ddc
_cBK
999 _c1608
_d1608